000 00601nam a2200193 a 4500
001 BRCA_7351
005 20190320205814.0
008 230213s1945----u--a######---#000-0#eng-#
041 _aeng
044 _au
050 4 _aT175
_b.P76 1945
245 1 0 _aProceedings of the Mexican-American conference on industrial research, september 30 - october 6, 1945.
260 _aChicago, Illinois
_bArmour Research Foundation of Illinois Institute of Technology
_c1945
300 _a176 p.
_bil.
500 _aQ11
650 1 4 _aInvestigación industrial
_vCongresos
_918172
902 _aGFM
942 _2lcc
_cB
999 _c7027
_d7027